000 00355nam a22001577a 4500
003 SGT
020 _a9788173719363
082 _a612.015
_bM14M
100 _aMD, RAFI
245 _aTB. OF BIOCHEMISTRY FOR MEDICAL STUDENTS
250 _a2ND
260 _aINDIA
_bUNIVERSITY PRESS
_c2014
300 _a808
650 _aBIOCHEMISTRTY
942 _2ddc
_cBK
999 _c23183
_d23183